Loreto College Library, Kolkata
WEBOPAC (ONLINE PUBLIC ACCESS CATALOGUE)

A social history of education in England (Record no. 11000)

MARC details
000 -LEADER
fixed length control field 00664nam a2200205Ia 4500
008 - FIXED-LENGTH DATA ELEMENTS--GENERAL INFORMATION
fixed length control field 131103s9999 xx 000 0 und d
020 ## - ISBN | অাই এস বি এন
ISBN | অাই এস বি এন 0416086802 (pbk) - SBN 416086765 (hbk)
040 ## - CATALOGING SOURCE
Original cataloging agency Loreto College
041 ## - LANGUAGE CODE
Language code English
082 ## - DDC | ডিউই
Classification number | বর্গসংখ্যা 370.942/LAW
Book Number | গ্রন্থাঙ্ক LCLIB/Copy 2
100 ## - MAIN ENTRY--PERSONAL NAME | মুখ্য সংলেখ - ব্যাক্তিনাম
Personal name | ব্যাক্তিনাম Lawson,John
245 #2 - TITLE STATEMENT | অাখ্যা বিবরণী
Title | অাখ্যা A social history of education in England
Statement of responsibility | লেখকের দায়িত্বের বিবরণ John Lawson & Harold Silver
260 ## - IMPRINT | প্রকাশনা ক্ষেত্র
Place of publication | প্রকাশ স্থান London
Name of publisher | প্রকাশকের নাম Methuen & Co.
Date of publication | প্রকাশ কাল 1973 (1978 printing)
300 ## - PHYSICAL DESCRIPTION |
Page / Vol. No | পৃষ্ঠা / খন্ড সংখ্যা xii,502 p.
Other physical details | অনান্য বাহ্যিক বিবরণ illus.
504 ## - BIBLIOGRAPHY, ETC. NOTE
Bibliography, etc Includes bibliographical references and index
650 ## - SUBJECT ADDED ENTRY--TOPICAL TERM | বিষয় শিরোনাম - মূল বিষয়
Topical term | মূল বিষয় Great Britain - Educational History
700 ## - ADDED ENTRY--PERSONAL NAME | অতিরিক্ত সংলেখ - ব্
Personal name | ব্যাক্তিনাম Silver,Harold
850 ## - HOLDING INSTITUTION
Holding institution LCLIB
942 ## - ADDED ENTRY ELEMENTS (KOHA)
Koha item type Books
Holdings
Withdrawn status Lost status Damaged status Not for loan Home library Current library Date acquired Total Checkouts Full call number Accession No. Date last seen Price effective from Koha item type
        Loreto College Loreto College 04/11/2013   370.942/LAW LCLIB/Copy 2 B10891 04/11/2013 04/11/2013 Books
        Loreto College Loreto College 04/11/2013   370.942/LAW LCLIB/Copy 2 B22168 04/11/2013 04/11/2013 Books